| 000 | 00710cam a2200229 a 4500 | ||
|---|---|---|---|
| 001 | 15936962 | ||
| 005 | 20241031143816.0 | ||
| 008 | 091008s2011 maua 001 0 eng | ||
| 020 | _a0321652797 | ||
| 020 | _a9780321652799 | ||
| 050 | 0 | 0 |
_aQA39.3 _b.B46 2011 |
| 082 | 0 | 0 |
_a510 _222 |
| 100 | 1 | _aBennett, Jeffrey O. | |
| 245 | 1 | 0 |
_aUsing & understanding mathematics : _ba quantitative reasoning approach / _cJeffrey Bennett, William Briggs. |
| 250 | _a5th ed. | ||
| 260 |
_aBoston : _bAddison Wesley, _cc2011. |
||
| 300 |
_axix, 676, [47] p. : _bill (some col.) ; _c28 cm. |
||
| 500 | _aIncludes indexes. | ||
| 650 | 0 |
_aMathematics _vTextbooks. |
|
| 700 | 1 | _aBriggs, William L. | |
| 942 |
_2lcc _cBK _e5th Ed. _n0 |
||
| 999 |
_c467 _d467 |
||